MARC details
| 000 -LEADER |
| fixed length control field |
01470nam a2200217 a 4500 |
| 008 - FIXED-LENGTH DATA ELEMENTS--GENERAL INFORMATION |
| fixed length control field |
190508s2007 ||||||||||||||||| || u |
| 050 ## - LIBRARY OF CONGRESS CALL NUMBER |
| Classification number |
CTA(08)PGS/6A |
| 110 ## - MAIN ENTRY--CORPORATE NAME |
| Corporate name or jurisdiction name as entry element |
Technical Centre for Agricultural and Rural Cooperation (CTA) |
| 245 10 - TITLE STATEMENT |
| Title |
Making sweet potato chips and flour |
| Statement of responsibility, etc. |
by Technical Centre for Agricultural and Rural Cooperation [CTA] |
| 260 ## - PUBLICATION, DISTRIBUTION, ETC. |
| Place of publication, distribution, etc. |
Wageningen: |
| Name of publisher, distributor, etc. |
Technical Centre for Agricultural and Rural Cooperation (CTA) |
| Date of publication, distribution, etc. |
2007 |
| 300 ## - PHYSICAL DESCRIPTION |
| Extent |
6p.: ill. |
| 490 ## - |
| -- |
Practical Guide Series, No. 6 |
| 650 ## - SUBJECT ADDED ENTRY--TOPICAL TERM |
| Topical term or geographic name entry element |
SWEET POTATO PRODUCTS |
| 650 ## - SUBJECT ADDED ENTRY--TOPICAL TERM |
| Topical term or geographic name entry element |
POTATO FLOUR--MARKETING |
| 650 ## - SUBJECT ADDED ENTRY--TOPICAL TERM |
| Topical term or geographic name entry element |
POTATO--POSTHARVESTING TECHNOLOGY |
| 650 ## - SUBJECT ADDED ENTRY--TOPICAL TERM |
| Topical term or geographic name entry element |
POTATO--PROCESSING |
| 995 ## - |
| -- |
SPECIAL COLLECTIONS |
| -- |
3935 |
| -- |
CBU-MAIN LIBRARY (Kitwe) |
| -- |
CTA(08)PGS/6B |
| -- |
2 |
| -- |
AVAILABLE |
| -- |
May 8, 2019 |
| -- |
Technical Centre for Agriculture and Rural Cooperation |
| -- |
B3935 |
| -- |
International Publications |
| 995 ## - |
| -- |
SPECIAL COLLECTIONS |
| -- |
3937 |
| -- |
CBU-MAIN LIBRARY (Kitwe) |
| -- |
CTA(08)PGS/6D |
| -- |
4 |
| -- |
AVAILABLE |
| -- |
May 8, 2019 |
| -- |
Technical Centre for Agriculture and Rural Cooperation |
| -- |
B3937 |
| -- |
International Publications |
| 995 ## - |
| -- |
SPECIAL COLLECTIONS |
| -- |
3934 |
| -- |
CBU-MAIN LIBRARY (Kitwe) |
| -- |
CTA(08)PGS/6A |
| -- |
1 |
| -- |
AVAILABLE |
| -- |
May 8, 2019 |
| -- |
Technical Centre for Agriculture and Rural Cooperation |
| -- |
B3934 |
| -- |
International Publications |
| 995 ## - |
| -- |
SPECIAL COLLECTIONS |
| -- |
3936 |
| -- |
CBU-MAIN LIBRARY (Kitwe) |
| -- |
CTA(08)PGS/6C |
| -- |
1 |
| -- |
AVAILABLE |
| -- |
May 8, 2019 |
| -- |
Technical Centre for Agriculture and Rural Cooperation |
| -- |
B3936 |
| -- |
International Publications |
| 999 ## - |
| -- |
82347 |
| -- |
82347 |